| 000 | 01022nam a2200265Ia 4500 | ||
|---|---|---|---|
| 003 | OSt | ||
| 005 | 20220923211110.0 | ||
| 006 | a|||||r|||| 00| 0 | ||
| 007 | ta | ||
| 008 | 220922b |||||||| |||| 00| 0 hin d | ||
| 020 |
_a818143000X (pbk) _c995 |
||
| 024 | _a348,753 | ||
| 037 |
_bGV791, 21/02/2019, Vani Prakashan _cTextual |
||
| 040 |
_aARTS _cARTS _bhin |
||
| 041 |
_2hin _ahin |
||
| 082 | _aY7446112v, 152Q6 | ||
| 100 |
_aविमलेश्वरी सिंह, ले. _9158207 |
||
| 245 | 0 | _aनागवंश* मिथक, इतिहास और लोकसाहित्य | |
| 246 | _aNāgavansha: mithaka, itihās aur lokasāhitya | ||
| 260 |
_aनयी दिल्ली _b वाणी प्रकाशन _c2016 |
||
| 300 |
_a441पृ. _ccm. |
||
| 650 |
_aसमाजशास्त्र _9158208 |
||
| 942 |
_hY7446112v, 152Q6 _cTEXL _2CC |
||
| 999 |
_c295201 _d295201 |
||